O senhor Valéry (Registo nº 1322)

Detalhes MARC
000 -Etiqueta do registo
Cabeçalho 00822nam0a2200277 4500
005 - Identificador da versão
Campo de controlo 20240813121833.0
010 ## - Número internacional normalizado dos livros (ISBN)
Número (ISBN) 9722114700
021 ## - Número do Depósito Legal
Código do país PT
Número 178 379/02
100 ## - Dados gerais de processamento
Dados gerais de processamento 20150428d2006 m y0pory5003 ba
102 ## - Pais de publicação ou produção
País de publicação Portugal
101 0# - Língua de publicação
Língua do texto, banda sonora, etc. Português
215 ## - Descrição física 
Indicação específica da natureza do documento e extensão da espécie 80, [8] p.
Outras indicações físicas il.
200 1# - Titulo e menção de responsabilidade
Título próprio O senhor Valéry
Primeira menção de responsabilidade Gonçalo M. Tavares
Outras menções de responsabilidade il. Rachel Caiano
225 2# - Colecção 
Título próprio da colecção Cadernos de Gonçalo M. Tavares
Indicação de volume 2
205 ## - Menção da edição
Menção da edição 3ª ed
210 ## - Publicação, Distribuição, etc. 
Lugar da edição, distribuição, etc. Lisboa
Nome do editor, distribuidor, etc. Caminho
Data da publicação, distribuição, etc. cop. 2002
Data da impressão imp. 2006
300 ## - Notas gerais 
Texto da nota Prémio Branquinho da Fonseca
606 ## - Nome comum usado como assunto
Número de registo de entrada de autoridade 0002010
Palavra de ordem Literatura portuguesa
Subdivisão de assunto Conto
Código do sistema CA
675 ## - Classificação Decimal Universal (CDU)
Notação 821.134.3-34
Edição 3ª ed.
Língua da edição por
702 #1 - Nome de autor-pessoa física (responsabilidade secundária)
Número de registo de entrada de autoridade 0001866
Palavra de ordem Caiano
Outra parte do nome não tomada para palavra de ordem Rachel
Código de função Ilustrador / Técnico de desenho computorizado
700 #1 - Nome de autor-pessoa física (responsabilidade principal)
Número de registo de entrada de autoridade 0001868
Palavra de ordem Tavares
Outra parte do nome não tomada para palavra de ordem Gonçalo M.
Datas 1970-
966 ## - Identificação da Biblioteca
Sigla EB2,3ENM
942 ## - Elementos de entrada adicionados (Koha)
Tipo de item no Koha Livro
Exemplares
Situação do levantamento Origin of item (home branch) (coded) Biblioteca de empréstimo Código de barras Cota Circulation type (not for loan) Tipo de documento Nota do exemplar Damaged status
  Biblioteca Escolar Eng. Nuno Mergulhão Biblioteca Escolar Eng. Nuno Mergulhão BENM3198 82LP-34 TAV   Livro Sem mensagem